000 00801nam a22002177a 4500
040 _aISFD N° 12
082 _a342.02
_bCON.
110 _aConstitución de la Nación Argentina.
240 _aConstitución de la Nación Argentina: Incluye los tratados internacionales de derechos humanos con jerarquía constitucional.
245 _aConstitución de la Nación Argentina
_b Incluye los tratados internacionales de derechos humanos con jerarquía constitucional.
250 _a1 ed.
260 _aBuenos Aires.
_bInfojus.
_c2013.
300 _a264 p.
650 _aCiencias Sociales.
690 _aDerecho Constitucional.
942 _2ddc
_cLIB
999 _c7198
_d7198